Damas [juego] /

Guardado en:
Formato: Objeto Físico
Publicado: Argentina : Implás, [200?]
Materias:
Etiquetas: Agregar Etiqueta
Sin Etiquetas, Sea el primero en etiquetar este registro!
LEADER 00687nrm a22001695g 4500
001 CEM.cems019325
008 130507b200?##################0###0#####d
005 20220830154622.0
003 CEMS
245 0 0 |a Damas [juego] /  |c Implás. 
260 |a Argentina :  |b Implás,  |c [200?] 
300 |a 1 juego (1 tablero, 15 fichas blancas, 15 fichas negras) ; en caja 23 x 28 x 5 cm. + manual de instrucciones 
500 |a Para 2 jugadores a partir de 5 años objetivo: comer las fichas del compañero o impedir realizar algún movimiento. 
082 0 4 |a J794.2 
653 |a 1. juego de damas 
653 |a 2. juegos de estrategia tradicional e ingenio 
859 |a CEMS  |b BIB. CEMS - Ludoteca  |h J794.2  |i Im7  |p 353.09  |t Ej.1